Départements Français par Numéro - Statistiques

Statistiques générales
  • Ce quiz a été pris 6 474 fois
  • Le résultat moyen est 63 sur 102
Statistiques - réponses
Hint Réponse % Correct
01 Ain
98%
02 Aisne
93%
03 Allier
87%
06 Alpes Maritimes
83%
10 Aube
81%
11 Aude
80%
05 Hautes Alpes
80%
07 Ardèche
79%
13 Bouches du Rhône
78%
2A Corse du Sud
78%
2B Haute Corse
78%
42 Loire
78%
04 Alpes de Haute Provence
76%
09 Ariège
75%
12 Aveyron
74%
29 Finistère
74%
08 Ardennes
73%
14 Calvados
73%
15 Cantal
71%
16 Charente
71%
17 Charente Maritime
70%
45 Loiret
70%
22 Côtes d'Armor
69%
33 Gironde
69%
18 Cher
68%
21 Côte d'Or
68%
23 Creuse
68%
75 Paris
68%
19 Correze
67%
25 Doubs
67%
27 Eure
66%
30 Gard
65%
34 Hérault
65%
36 Indre
65%
44 Loire Atlantique
65%
59 Nord
65%
24 Dordogne
64%
37 Indre et Loire
64%
38 Isère
64%
41 Loir et Cher
64%
28 Eure et Loir
63%
43 Haute Loire
63%
39 Jura
63%
69 Rhône
63%
67 Bas-Rhin
62%
26 Drôme
62%
32 Gers
62%
31 Haute Garonne
62%
51 Marne
62%
68 Haut-Rhin
61%
972 Martinique
61%
60 Oise
61%
93 Seine-Saint-Denis
61%
78 Yvelines
61%
971 Guadeloupe
60%
35 Ille et Vilaine
60%
54 Meurthe et Moselle
60%
62 Pas de Calais
60%
974 La Réunion
59%
46 Lot
59%
57 Moselle
59%
77 Seine et Marne
59%
74 Haute Savoie
58%
40 Landes
58%
73 Savoie
58%
91 Essonne
57%
973 Guyane
57%
47 Lot et Garonne
57%
976 Mayotte
57%
55 Meuse
57%
64 Pyrénées Atlantiques
57%
66 Pyrénées Orientales
57%
83 Var
57%
50 Manche
56%
56 Morbihan
56%
52 Haute Marne
55%
53 Mayenne
55%
65 Hautes Pyrénées
53%
92 Hauts-de-Seine
53%
95 Val d'Oise
53%
84 Vaucluse
53%
48 Lozère
52%
58 Nièvre
52%
61 Orne
52%
76 Seine Maritime
52%
81 Tarn
52%
90 Territoire de Belfort
52%
94 Val de Marne
52%
63 Puy de Dôme
51%
80 Somme
51%
49 Maine et Loire
50%
71 Saône et Loire
49%
82 Tarn et Garonne
49%
72 Sarthe
48%
86 Vienne
48%
88 Vosges
48%
70 Haute Saône
47%
85 Vendée
47%
89 Yonne
47%
87 Haute Vienne
46%
79 Deux Sèvres
44%
975 Saint-Pierre et Miquelon
18%
Aucun quiz correspondant
Distribution des résultats
% des personnes avec chaque résultat
Percentile par nombre de réponses
Votre historique - résultats
Vous n’avez pas pris ce quiz